Matthew, Mark, Luke or John Quiz Stats

 Plays Quiz Updated Jan 16, 2019

Support Sporcle.
Go Orange.
Score 0/15 Timer 04:00
0 Plays Today
Question Answer Wrong Answers
This English singer, songwriter, and peace activist co-founded the Beatles. John
97.3%
Matthew
1.1%
Mark
1.1%
Luke
0.4%
This Canadian-American actor, best known for his role as Chandler Bing on the long-running NBC television sitcom Friends. Matthew
91.9%
Mark
2.2%
Luke
4.3%
John
0.8%
Commonly referred to by his initials, he was an American politician who served as the 35th President of the United States. John
91.6%
Matthew
1.5%
Mark
1.7%
Luke
2.3%
This American technology entrepreneur and philanthropist is best known for co-founding and leading Facebook. Mark
90.4%
Matthew
1%
Luke
0.7%
John
1%
This Tatooine farm boy who rose from humble beginnings to become one of the greatest Jedi the galaxy has ever known. Luke
83.7%
Matthew
1.3%
Mark
9%
John
0.8%
This main protagonist of the Die Hard film series was portrayed by Bruce Willis. John
82.2%
Matthew
3.5%
Mark
3.1%
Luke
3.1%
Samuel Langhorne Clemens, better known by his pen name, was an American writer, humorist, publisher, and lecturer. Mark
81%
Matthew
5%
Luke
2.5%
John
3.1%
This baseball player, who was nicknamed Big Mac, hit 583 career home runs. Mark
78.1%
Matthew
8.7%
Luke
3.4%
John
4.3%
The professional name of Marion Mitchell Morrison and nicknamed Duke, was an American actor and filmmaker. John
69.5%
Matthew
8.7%
Mark
5.8%
Luke
7.3%
This American cartoonist, writer, animator, and voice actor is the creator of the comic strip Life in Hell and the television series The Simpsons. Matthew
67.3%
Mark
18.7%
Luke
3.1%
John
3.9%
This American actor known for his roles in films such as Legally Blonde, Old School, Bottle Rocket and The Royal Tenenbaums. Luke
67.1%
Matthew
14.4%
Mark
10.1%
John
3.7%
This American actor, best known for playing Dylan on 90210, had a role on CW's Riverdale before his death in 2019 Luke
65.5%
Matthew
15.9%
Mark
5.4%
John
5.4%
This former broadcaster and coach for the NFL, won a Super Bowl as head coach of the Oakland Raiders. John
61.8%
Matthew
5.8%
Mark
19.3%
Luke
9.6%
This English musician and songwriter is best known as the drummer for the British rock band Led Zeppelin. John
60.7%
Matthew
11%
Mark
17.8%
Luke
3.9%
This British songwriter, singer and guitarist is known for the rock band Dire Straits. Mark
60.4%
Matthew
12.7%
Luke
4.7%
John
13.9%

You're not logged in!

Compare scores with friends on all Sporcle quizzes.
OR
Log In
Forgot?

From the Vault

Southernmost World Capitals

by Booger

This quiz is sufficiently challenging enough to compel us to included an image of the southern hemisphere for the icon to get you started.
Remove Ads.
Support Sporcle.
Get the best of Sporcle when you Go Orange. This ad-free experience offers more features, more stats, and more fun while also helping to support Sporcle. Thank you for becoming a member.

Show Comments

Extras

Top Quizzes Today


Score Distribution

Your Account Isn't Verified!

In order to create a playlist on Sporcle, you need to verify the email address you used during registration. Go to your Sporcle Settings to finish the process.

Report this User

Report this user for behavior that violates our Community Guidelines.

Details: